形和數 Shapes and numbers {ch} (Record no. 20020)
[ view plain ]
| 000 -LEADER | |
|---|---|
| fixed length control field | 00684nam a2200181 4500 |
| 008 - FIXED-LENGTH DATA ELEMENTS--GENERAL INFORMATION | |
| fixed length control field | 040410s1984 -ch chi |
| 090 ## - LOCALLY ASSIGNED LC-TYPE CALL NUMBER (OCLC); LOCAL CALL NUMBER (OCLC) | |
| Classification number (OCLC) (R) ; Classification number, CALL (RLIN) (NR) | Q121 |
| Local cutter number (OCLC) ; Book number/undivided call number, CALL (RLIN) | C44 |
| 100 1# - MAIN ENTRY--PERSONAL NAME | |
| Personal name | 朱建正 Chu, Jien-Zhinh |
| 245 10 - TITLE STATEMENT | |
| Title | 形和數 Shapes and numbers {ch} |
| Statement of responsibility, etc | Jien-Zhinh Chu. |
| 260 ## - PUBLICATION, DISTRIBUTION, ETC. (IMPRINT) | |
| Place of publication, distribution, etc | Taipei ; |
| Name of publisher, distributor, etc | 圖文出版社 Tu-Wen Publishing, |
| Date of publication, distribution, etc | 1984. |
| 300 ## - PHYSICAL DESCRIPTION | |
| Extent | 30 p. : |
| Other physical details | ills. |
| 490 1# - SERIES STATEMENT | |
| Series statement | 中國孩子的科學圖書館 Chinese Children Science Library Series |
| Volume number/sequential designation | 23. |
| 650 #4 - SUBJECT ADDED ENTRY--TOPICAL TERM | |
| Topical term or geographic name as entry element | Mathematics {ch}. |
| 650 #4 - SUBJECT ADDED ENTRY--TOPICAL TERM | |
| Topical term or geographic name as entry element | Numeration {ch}. |
| 650 #4 - SUBJECT ADDED ENTRY--TOPICAL TERM | |
| Topical term or geographic name as entry element | Science |
| General subdivision | Encyclopedias |
| -- | Juvenile{ch}. |
| 650 #4 - SUBJECT ADDED ENTRY--TOPICAL TERM | |
| Topical term or geographic name as entry element | Shape tehory (topology){ch}. |
| 951 ## - EQUIVALENCE OR CROSS-REFERENCE-GEOGRAPHIC NAME/AREA NAME [OBSOLETE] [CAN/MARC only] | |
| General subdivision | 00028339 |
| 951 ## - EQUIVALENCE OR CROSS-REFERENCE-GEOGRAPHIC NAME/AREA NAME [OBSOLETE] [CAN/MARC only] | |
| -- | C-5059 |
| -- | Q121/C44-23 |
| -- | 070613111356062 |
| -- | 2000-12-21 |
| -- | REF-CH |
| Withdrawn status | Lost status | Damaged status | Not for loan | Home library | Current library | Shelving location | Date acquired | Accession number | Shelving control number | Total Checkouts | Full call number | Barcode | Date last seen | Price effective from | Koha item type |
|---|---|---|---|---|---|---|---|---|---|---|---|---|---|---|---|
| BSOP Library | BSOP Library | Reference Chinese | 12/21/2000 | C-5059 | 127 | Q121/C44-23 | 00028339 | 02/23/2013 | 02/23/2013 | Books |
